| 000 | 00439nam a22001697a 4500 | ||
|---|---|---|---|
| 003 | CEME | ||
| 005 | 20210628203555.0 | ||
| 008 | 210317b xxu||||| |||| 00| 0 eng d | ||
| 020 | _a0-7494-1702-1 | ||
| 040 | _c. | ||
| 082 | _a658.562 BRE'F | ||
| 100 |
_aDavenport, Kimberly D , Brelin, Harvey K _966326 |
||
| 245 | _aFocused quality , managing for results | ||
| 260 |
_aLONDON _bKOGAN PAGE _c1994 |
||
| 300 | _a193P | ||
| 942 |
_cBK _2ddc |
||
| 999 |
_c574307 _d574307 |
||